000 00416nam a2200133Ia 4500
008 220216s9999 xx 000 0 und d
100 _aRao P S
245 0 _aReport on the Impact of drought on Hevea, water requirements and expected benefits of irrigation
260 _bRubber Research Institute of India, Kottayam, 12p.
700 _aRao G G
700 _aSethuraj M R
700 _aVijayakumar K R
942 _cJS
999 _c66768
_d66768